000 00560nam a22001937a 4500
003 NUST
005 20230126142828.0
008 190707b ||||| |||| 00| 0 eng d
038 _aMr. Zahoor
082 _a530
100 _aAslam, Adnan
_916945
245 _aThe Noether Symmetries and Invariants of Some Partial Differential Equations
_cAdnan Aslam.
260 _aIslambad :
_bSNS - NUST,
_c2014.
300 _avii, 102 p. :
_b30cm.
500 _aHard Cover
650 _aPhysics - Ph. D
_916946
700 _aAsghar Qadir
_916947
942 _2ddc
_cTHE
999 _c525994
_d525994